Statistiken für Fünf Länder pro Kontinent nach Erfolg in den deutschen Single-Charts

Klicken Sie hier um das Quiz zu spielen!

Allgemein

  • Dieses Quiz wurde 55 mal gespielt
  • Das Durchschnittsergebnis liegt bei 19 aus 27

Antwortstatistiken

KontinentPl.WochenSongJahrInterpretLand% Korrekt
Europa115Il Silenzio1965Nini RossoItalien
94%
Nordamerika117Despacito2017Luis Fonsi feat. Daddy YankeeVereinigte Staaten
94%
Europa121Ganz Paris träumt von der Liebe1955Caterina ValenteFrankreich
91%
Nordamerika113My Heart Will Go On1998Céline DionKanada
91%
Europa117Rivers of Babylon2017Maizie Williams (als Teil von Boney M.)Vereinigtes Königreich
91%
Südamerika521Rot sind die Rosen2008Semino RossiArgentinien
89%
Europa121Heimweh1956Freddy QuinnÖsterreich
89%
Asien13Gangnam Style2012PsySüdkorea
89%
Afrika16Waka Waka (This Time for Africa)2010Freshlyground (als feat. von Shakira)Südafrika
87%
Ozeanien110Dance Monkey2019Tones and IAustralien
85%
Südamerika110Lambada1989Loalwa Braz (als Teil von Kaoma)Brasilien
85%
Südamerika111Whenever, Wherever2002ShakiraKolumbien
85%
Ozeanien81Royals2013LordeNeuseeland
85%
Afrika18It’s My Life1992Dr. AlbanNigeria
72%
Nordamerika110Diamonds2012RihannaBarbados
67%
Asien121Everyway That I Can2003Sertab ErenerTürkei
67%
Südamerika481Einsamer Hirte2011Leo RojasEcuador
65%
Nordamerika117Rivers of Babylon1978Liz Mitchell & Marcia Barrett (als Teil von Boney M.)Jamaika
63%
Europa117Rivers of Babylon1978Bobby Farrell (als Teil von Boney M.)Niederlande
63%
Asien212Morning of My Life1967Esther & Abi OfarimIsrael
61%
Nordamerika15Patricia1958Pérez PradoKuba
59%
Südamerika42Gimme Hope Jo’anna1988Eddy GrantGuyana
57%
Afrika111Words1982F. R. DavidTunesien
52%
Afrika117Rivers of Babylon1978Reggie Tsiboe (als Teil von Boney M.)Ghana
46%
Asien112Ramona1961Blue DiamondsIndonesien
35%
Asien81Snap2022Rosa LinnArmenien
28%
Afrika13Wavin' Flag2010K'naanSomalia
26%

Verteilung der Resultate

Perzentil nach korrekt beantworteten Fragen

Anzahl Personen mit jedem Resultat

Ihre Resultats-Entwicklung

Sie haben dieses Quiz noch nicht gespielt